000 00304nam a22001337a 4500
020 _a13-201921-3
082 _a669.142 LOT'D
100 _aLOTHERS, JOHN E
_926896
245 _aDESIGN IN STRCUTURAL STEEL
250 _a3RD
260 _aNEWJERSCY
_bPRENTICE HALL
_c1972
300 _a561P
942 _cBK
999 _c583899
_d583899